[Event "Santa Maria di Sala op-B 29th"]
[Site "Santa Maria di Sala"]
[Date "2022.12.10"]
[Round "2"]
[White "Glorioso, Paolo"]
[Black "Crestani, Federico"]
[Result "0-1"]
[WhiteElo "1714"]
[BlackElo "1566"]
[PlyCount "108"]
[EventDate "2022.12.09"]
[EventType "swiss"]
[EventRounds "5"]
[EventCountry "ITA"]
[SourceTitle "EXT 2024"]
[Source "ChessBase"]
[SourceDate "2023.10.10"]
[SourceVersion "1"]
[SourceVersionDate "2023.10.10"]
[SourceQuality "1"]

1. d4 d5 2. c4 e6 3. Nc3 h6 4. Bf4 c6 5. e3 Nf6 6. Bd3 Bd6 7. Nge2 0-0 8. Rc1 Re8 9. cxd5 exd5 10. Bb1 Qe7 11. Bxd6 Qxd6 12. Ng3 Qb4 13. 0-0 Qxb2 14. Nf5 Qb4 15. Qf3 Bxf5 16. Bxf5 Nbd7 17. Qg3 Rab8 18. Rfd1 Qe7 19. h3 Nb6 20. Qf4 Rbd8 21. g4 Qd6 22. Qf3 Re7 23. Kh1 Rde8 24. Bb1 Ne4 25. Nxe4 dxe4 26. Qe2 Qf6 27. Rg1 Qh4 28. Rg3 Nd5 29. a3 Qg5 30. Ba2 Kf8 31. Kg2 Qf6 32. Qd2 a6 33. Rf1 Qg5 34. Rc1 Re6 35. Qe2 Qe7 36. Bxd5 cxd5 37. Qa2 Rc6 38. Rh1 Qd6 39. h4 Rec8 40. h5 Rc2 41. Qb1 b5 42. g5 hxg5 43. Rxg5 Qf6 44. Rg3 Qxf2+ 45. Kh3 Qf5+ 46. Kh4 Qf6+ 47. Kh3 Rf2 48. Qb4+ Ke8 49. Qb3 Qf5+ 50. Kh4 Rcc2 51. Rhh3 g6 52. Rg5 Rf4+ 53. exf4 Qxf4+ 54. Rg4 g5# 0-1

[Event "Santa Maria di Sala op-B 29th"]
[Site "Santa Maria di Sala"]
[Date "2022.12.09"]
[Round "1"]
[White "Buqa, Brajan"]
[Black "Glorioso, Paolo"]
[Result "1-0"]
[WhiteElo "1535"]
[BlackElo "1714"]
[PlyCount "81"]
[EventDate "2022.12.09"]
[EventType "swiss"]
[EventRounds "5"]
[EventCountry "ITA"]
[SourceTitle "EXT 2024"]
[Source "ChessBase"]
[SourceDate "2023.10.10"]
[SourceVersion "1"]
[SourceVersionDate "2023.10.10"]
[SourceQuality "1"]

1. c4 c6 2. Nc3 Nf6 3. Nf3 e6 4. e4 d6 5. d4 Be7 6. Be2 Qc7 7. 0-0 e5 8. h3 h6 9. Be3 Nbd7 10. a3 a6 11. Rc1 exd4 12. Nxd4 Ne5 13. f4 Ng6 14. Qd2 Bd7 15. Rfd1 Rd8 16. b4 Qc8 17. Bf1 c5 18. Nf3 0-0 19. g4 Bc6 20. Bd3 Nh7 21. Nd5 Bxd5 22. cxd5 b6 23. a4 a5 24. bxa5 bxa5 25. Qxa5 Nh4 26. Nxh4 Bxh4 27. Qb6 h5 28. f5 Ng5 29. Bxg5 Bxg5 30. Rc2 hxg4 31. hxg4 Qd7 32. Qb3 Qe7 33. Re2 Qe5 34. Bb5 Qf4 35. Qh3 g6 36. Rf1 Qe5 37. Rh2 Qd4+ 38. Rff2 Qa1+ 39. Bf1 Rfe8 40. Qh7+ Kf8 41. fxg6 1-0

[Event "Treviso TWE op-B 31st"]
[Site "Treviso"]
[Date "2007.12.09"]
[Round "5.11"]
[White "Fabrello, Alessandro"]
[Black "Glorioso, Paolo"]
[Result "0-1"]
[WhiteElo "1554"]
[BlackElo "1551"]
[PlyCount "46"]
[EventDate "2007.12.07"]
[EventType "swiss"]
[EventRounds "5"]
[EventCountry "ITA"]
[SourceTitle "EXT 2024"]
[Source "ChessBase"]
[SourceDate "2023.10.10"]
[SourceVersion "1"]
[SourceVersionDate "2023.10.10"]
[SourceQuality "1"]

1. d4 d5 2. Nf3 Nf6 3. Bf4 e6 4. e3 Bb4+ 5. c3 Bd6 6. Bxd6 Qxd6 7. Nbd2 0-0 8. Ne5 Nc6 9. Ndf3 Nd7 10. Nxd7 Bxd7 11. Bd3 e5 12. dxe5 Nxe5 13. Be2 Rae8 14. 0-0 Re6 15. Nxe5 Qxe5 16. Bf3 Rh6 17. g3 Qe6 18. Qxd5 Qh3 19. Rfd1 Bc6 20. Bg2 Qxh2+ 21. Kf1 Bxd5 22. Bxd5 Rf6 23. Bg2 Qxg3 0-1